Marvel Superheroes Face Click - Statistics

General Stats
  • This quiz has been taken 32,360 times
  • The average score is 23 of 30
Answers on the Map
Answers color-coded by a green-red scale on the quiz's map according to % correct below.
 
Answer Stats
Answer % Correct
Spider-Man
100%
Hulk
99%
Captain America
96%
Iron Man
95%
Thor
95%
Wolverine
89%
The Human Torch
86%
Black Panther
85%
She-Hulk
83%
Silver Surfer
83%
The Thing
83%
Daredevil
81%
Cyclops
79%
Storm
74%
Scarlet Witch
73%
Ant-Man
72%
Beast
72%
Falcon
72%
Hawkeye
72%
Ms. Marvel
72%
Vision
71%
Nightcrawler
70%
Mister Fantastic
68%
Colossus
65%
Wasp
65%
Quicksilver
64%
Invisible Woman
60%
Jean Grey
57%
Namor the Submariner
49%
Banshee
34%
No matching quizzes found
Score Distribution
Percent of People with Each Score
Percentile by Number Answered
Your Score History
You have not taken this quiz